Lofting
Shranjeno v:
| Glavni avtor: | |
|---|---|
| Format: | Knjiga |
| Jezik: | angleščina |
| Izdano: |
Brooklin
Woodenboat
1999
|
| Teme: | |
| Oznake: |
Označite
Brez oznak, prvi označite!
|
MARC
| LEADER | 00000nam a2200000 a 4500 | ||
|---|---|---|---|
| 001 | UCN8455 | ||
| 003 | CL-VaPUC | ||
| 008 | 011109e19990000us |||||||||||||||||eng|d | ||
| 082 | 0 | 4 | |a 623.842 |b VAI |2 21 |
| 100 | 0 | |a Vaitses, Allan H |e author |9 464703 | |
| 245 | 1 | 0 | |a Lofting |
| 300 | |a 150 p | ||
| 942 | |c BK | ||
| 945 | |d 20011109 00:00:00 |a crobeson | ||
| 260 | |a Brooklin |b Woodenboat |c 1999 | ||
| 650 | 7 | |a CONSTRUCCION NAVAL - DIBUJO TECNICO |2 CL-VaPUC |9 464704 | |
| 650 | 7 | |a EMBARCACIONES PEQUEÑAS - CASCOS |2 CL-VaPUC |9 464705 | |
| 583 | |a last modification |c 20171221 02:52:51 |k Rodrigo Vera | ||
| 999 | |c 298344 |d 298342 | ||
| 952 | |0 0 |1 0 |4 0 |6 623_842000000000000_VAI_1999 |7 0 |8 A |9 353856 |a BIBARQ |b BIBARQ |d 2019-11-21 |i 3769690 |o 623.842 VAI 1999 |p 3769690 |r 2025-01-20 |w 2019-11-21 |y BK |k ARQ | ||